Capitales del mundo con 5 letras - Estadísticas

Estadísticas generales
  • Esta prueba ha sido intentada 2.148 veces
  • La puntuación promedio es 10 de 25
Estadísticas de respuestas
Hint Capital % Correcto
Francia París
86%
Ecuador Quito
73%
Japón Tokio
67%
Rusia Moscú
61%
China Pekín
61%
Austria Viena
57%
Suiza Berna
49%
Republica Checa Praga
49%
Lituania Vilna
49%
Marruecos Rabat
48%
Bolivia Sucre
48%
Bulgaria Sofía
46%
Bielorrusia Minsk
42%
Liechtenstein Vaduz
37%
Argelia Argel
36%
Túnez Túnez
36%
Senegal Dakar
31%
Vietnam Hanói
26%
Nigeria Abuya
22%
Afganistán Kabul
21%
Nauru Yaren
18%
Bahamas Nasáu
16%
Cabo Verde Praia
15%
Butan Timbu
14%
Guinea-Bisaú Bisáu
12%
No se encontraron pruebas coincidentes
Distribución de puntuación
Porcentaje de gente con cada puntuación
Porcentaje por número respondido
Historial de tus puntuaciones
No has intentado esta prueba.